[Event "1/128 Finale"]
[Site "www.chess-mail.com"]
[Date "2016.08.18"]
[Round "1"]
[White "Papaours"]
[Black "Mitja"]
[WhiteElo "1499"]
[BlackElo "1870"]
[Result "1-0"]
[Round "1"]
1.e4 d5
2.exd5 Qd8xd5
3.Nb1c3 Qd5d8
4.d4 e6
5.Ng1f3 c6
6.Bf1d3 h6
7.Bc1f4 Ng8f6
8.Qd1e2 Nb8d7
9.O-O-O Nd7b6
10.Bf4g3 Nb6d5
11.Nc3xd5 Nf6xd5
12.Nf3e5 Bf8e7
13.Kb1 Qd8b6
14.Ka1 Nd5b4
15.c3 Nb4xd3
16.Rd1xd3 a5
17.Qe2h5 Rh8f8
18.Rd3f3 Be7f6
19.Ne5c4 Qb6a7
20.Rf3xf6 gxf6
21.Qh5xh6 b5
22.Bg3d6 Rf8g8
23.Bd6c5 Qa7c7
24.Nc4d6 Kd8
25.Qh6xf6 { resign }
1-0

[Event "Eq:Slap Shot Mates-Los Tercios : "]
[Site "www.chess-mail.com"]
[Date "2016.08.18"]
[Round "1"]
[White "Mustaphly"]
[Black "Lui"]
[WhiteElo "2870"]
[BlackElo "2400"]
[Result "0-1"]
[Round "1"]
1.d4 Ng8f6
2.c4 e6
3.Nb1c3 Bf8b4
4.e3 O-O
5.Bf1d3 c5
6.Ng1f3 d5
7.O-O Nb8c6
8.a3 Bb4xc3
9.bxc3 dxc4
10.Bd3xc4 Qd8c7
11.Bc1b2 e5
12.h3 Bc8f5
13.Qd1e2 Rf8e8
14.Bc4b5 e4
15.Nf3d2 a6
16.Bb5c4 { time. }
0-1

[Event "Eq:Equipo Juan Diaz-Team USA : "]
[Site "www.chess-mail.com"]
[Date "2016.08.18"]
[Round "1"]
[White "Gatrooper"]
[Black "Naujzaid"]
[WhiteElo "1730"]
[BlackElo "2110"]
[Result "0-1"]
[Round "1"]
1.e4 c5
2.c4 d6
3.h3 Ng8f6
4.Nb1c3 e6
5.Ng1f3 Bf8e7
6.d3 O-O
7.a3 Nb8c6
8.Nc3b5 a6
9.Bc1g5 axb5
10.cxb5 Nc6d4
11.Nf3xd4 cxd4
12.Bg5xf6 Be7xf6
13.Bf1e2 Qd8a5
14.b4 Qa5xb5
15.h4 d5
16.exd5 Qb5xd5
17.Be2f3 Qd5e5
18.Bf3e2 Bc8d7
19.g3 Bd7c6
20.Rh1f1 Bc6f3
21.Qd1d2 Rf8c8
22.Ra1a2 Bf3xe2
23.Rf1g1 Be2xd3
24.Kd1 Rc8c3
25.Rg1e1 Qe5h5
26.g4 Qh5xg4
27.Re1e2 Bd3xe2
28.Qd2xe2 Qg4g1
29.Kd2 Qg1c1
{ resign }
0-1

[Event "Tourn. n8861"]
[Site "www.chess-mail.com"]
[Date "2016.08.19"]
[Round "1"]
[White "Osopanda"]
[Black "Bojan"]
[WhiteElo "1970"]
[BlackElo "1960"]
[Result "0-1"]
[Round "1"]
1.c4 g6
2.d4 d5
3.Nb1c3 dxc4
4.e4 Bf8g7
5.Bf1xc4 Bg7xd4
6.Ng1f3 Bd4xc3
7.bxc3 Qd8xd1
8.Kxd1 Ng8f6
9.Nf3g5 e6
10.f3 h6
11.Ng5h3 a6
12.Bc4b3 Bc8d7
13.Bc1a3 Nb8c6
14.Ke2 Nc6a5
15.c4 Nf6h5
16.g4 Nh5g7
17.Ba3b2 Rh8g8
18.Nh3f4 g5
19.Nf4d3 Na5xb3
20.axb3 b6
21.b4 Ke7
22.Rh1d1 f6
23.Ra1c1 a5
24.b5 h5
25.h3 hxg4
26.hxg4 Rg8h8
27.Rd1h1 c6
28.e5 f5
29.gxf5 exf5
30.Rh1xh8 Ra8xh8
31.bxc6 Bd7xc6
32.c5 b5
33.e6 Rh8h2
34.Nd3f2 Ng7xe6
35.Bb2e5 Rh2h4
36.Be5d6 Kf6
37.Rc1a1 Ne6d4
38.Kd3 a4
39.Ra1e1 Nd4xf3
40.Bd6e7 Kf7
41.Re1e3 Rh4d4
42.Kc2 g4
43.Nf2d3 Bc6e4
44.Be7d6 Be4xd3
45.Kc3 Bd3e4
46.Kb2 Ke6
47.Bd6f8 g3
48.Re3e2 Rd4d2
{ resign }
0-1

[Event "Tourn. n8861"]
[Site "www.chess-mail.com"]
[Date "2016.08.19"]
[Round "1"]
[White "Jhzes"]
[Black "Julian"]
[WhiteElo "1870"]
[BlackElo "2050"]
[Result "1-0"]
[Round "1"]
1.d4 d5
2.Bc1f4 e6
3.Ng1f3 Bf8d6
4.Bf4xd6 Qd8xd6
5.g3 f5
6.e3 Ng8f6
7.Bf1d3 O-O
8.Nf3e5 Nb8d7
9.f4 c5
10.Bd3b5 a6
11.Bb5xd7 Nf6xd7
12.Ne5xd7 Bc8xd7
13.b3 Bd7b5
14.a4 Bb5c6
15.dxc5 Qd6xc5
16.Qd1d2 Rf8d8
17.Rh1f1 d4
18.b4 Qc5b6
19.a5 dxe3
20.axb6 exd2
21.Nb1xd2 Rd8d4
22.c3 Rd4d3
23.Ra1a3 Ra8d8
24.Rf1f2 Rd3e3
25.Kf1 Rd8d3
26.Rf2e2 Kf7
27.Re2xe3 Rd3xe3
28.Nd2c4 Bc6b5
29.Kf2 Re3e4
30.Nc4d6 Kf6
31.Nd6xe4 fxe4
32.g4 g5
33.fxg5 Kxg5
34.h3 h5
35.gxh5 Kxh5
36.Ke3 Kh4
37.Kxe4 Bb5c4
38.Ra3a5 Bc4b5
39.Ke5 Bb5c4
40.Ra5c5 Bc4d5
41.c4 Bd5c6
42.Rc5xc6 bxc6
43.b7 Kxh3
44.b8Q { resign }
1-0

[Event "Tourn. n8901"]
[Site "www.chess-mail.com"]
[Date "2016.08.19"]
[Round "1"]
[White "Julian"]
[Black "Foxy100"]
[WhiteElo "2070"]
[BlackElo "2010"]
[Result "0-1"]
[Round "1"]
1.e4 Nb8c6
2.d4 d6
3.c4 e5
4.Ng1f3 exd4
5.Nf3xd4 Nc6xd4
6.Qd1xd4 Ng8e7
7.Nb1c3 Ne7c6
8.Qd4d3 g6
9.Bf1e2 Bf8g7
10.O-O O-O
11.Bc1e3 Rf8e8
12.f3 Bc8e6
13.Ra1d1 Nc6e5
14.Qd3b1 Ne5xc4
15.Be3f2 Nc4b6
16.Nc3d5 Nb6xd5
17.exd5 Be6xd5
18.Rd1xd5 Re8xe2
19.Bf2g3 Qd8e8
20.b3 Qe8e6
21.Rf1d1 Ra8e8
22.h3 Re2b2
23.Qb1c1 Rb2xa2
24.Qc1xc7 Qe6e2
{ resign }
0-1

[Event "Tourn. n8887"]
[Site "www.chess-mail.com"]
[Date "2016.08.19"]
[Round "1"]
[White "Seger"]
[Black "Pimpampum"]
[WhiteElo "2750"]
[BlackElo "2220"]
[Result "1-0"]
[Round "1"]
1.d4 Ng8f6
2.c4 c5
3.d5 b5
4.cxb5 a6
5.bxa6 Bc8xa6
6.Nb1c3 g6
7.g3 d6
8.Ng1f3 Bf8g7
9.Bf1g2 O-O
10.O-O Nb8d7
11.Ra1b1 Nd7b6
12.b3 c4
13.Nf3d4 cxb3
14.Rb1xb3 Ba6c4
15.Rb3b4 Bc4xa2
16.Nd4c6 Qd8c7
17.Bc1e3 Nf6d7
18.Nc6xe7 Kh8
19.Nc3b5 Qc7d8
20.Ne7c6 Qd8f6
21.Be3d4 Qf6g5
22.h4 Qg5f5
23.Bd4xg7 Kxg7
24.g4 Qf5f6
25.g5 Qf6f5
26.Nb5xd6 { resign }
1-0

[Event "Tourn. n8856"]
[Site "www.chess-mail.com"]
[Date "2016.08.19"]
[Round "1"]
[White "Oroden"]
[Black "Faerieking"]
[WhiteElo "2269"]
[BlackElo "2260"]
[Result "1-0"]
[Round "1"]
1.e4 e5
2.d4 exd4
3.c3 dxc3
4.Bf1c4 cxb2
5.Bc1xb2 d5
6.Bc4xd5 Ng8f6
7.Bd5xf7 Kxf7
8.Qd1xd8 Bf8b4
9.Qd8d2 Bb4xd2
10.Nb1xd2 c5
11.e5 Rh8e8
12.Ng1e2 Nf6g4
13.Nd2c4 Kg8
14.h3 Ng4h6
15.Nc4d6 Re8d8
16.Nd6xc8 Rd8xc8
17.O-O-O Nb8c6
18.Rd1d7 b6
19.e6 Nh6f5
20.g4 Nf5d4
21.Ne2xd4 cxd4
22.Kb1 { resign }
1-0

[Event "Tourn. n8821"]
[Site "www.chess-mail.com"]
[Date "2016.08.19"]
[Round "1"]
[White "Ejner"]
[Black "Tartan"]
[WhiteElo "2410"]
[BlackElo "2350"]
[Result "0-1"]
[Round "1"]
1.Ng1f3 Ng8f6
2.c4 g6
3.Nb1c3 Bf8g7
4.e4 d6
5.d4 O-O
6.Bf1e2 e5
7.dxe5 dxe5
8.Qd1xd8 Rf8xd8
9.Bc1g5 Rd8e8
10.Nc3d5 Nf6xd5
11.cxd5 c6
12.Be2c4 cxd5
13.Bc4xd5 Nb8c6
14.O-O-O Bc8g4
15.Bg5e3 Nc6d4
16.Nf3g5 Re8c8
17.Kb1 Bg4xd1
18.Rh1xd1 Rc8c7
19.Rd1c1 Nd4c6
20.b4 a6
21.Be3b6 Rc7d7
22.Bd5xc6 bxc6
23.Rc1xc6 Bg7f8
24.a3 Rd7d6
25.Rc6xd6 Bf8xd6
26.f3 Ra8b8
27.Bb6a5 f6
28.Ng5h3 Bd6c5
29.Kc2 Bc5d4
{ resign }
0-1

[Event "Tourn. n8860"]
[Site "www.chess-mail.com"]
[Date "2016.08.19"]
[Round "1"]
[White "Redabond"]
[Black "Gatrooper"]
[WhiteElo "1610"]
[BlackElo "1620"]
[Result "1-0"]
[Round "1"]
1.d4 d5
2.Nb1c3 Ng8f6
3.Bc1f4 e6
4.Nc3b5 Bf8d6
5.Bf4xd6 cxd6
6.e3 a6
7.Nb5c3 Nb8c6
8.Ng1f3 h6
9.Bf1d3 Nc6b4
10.a3 Nb4c6
11.O-O e5
12.dxe5 dxe5
13.Rf1e1 e4
14.Bd3xe4 dxe4
15.Qd1xd8 Nc6xd8
16.Nf3e5 Nf6g4
17.Ne5xg4 Bc8xg4
18.Nc3xe4 O-O
19.f3 Bg4f5
20.Ne4d6 Bf5xc2
21.Ra1c1 Bc2h7
22.e4 Nd8e6
23.Nd6xb7 Ra8b8
24.Nb7c5 Ne6xc5
25.Rc1xc5 g6
26.Re1e2 g5
27.b4 Bh7g6
28.Rc5c6 Rb8d8
29.Rc6xa6 f6
30.e5 Bg6d3
31.Re2d2 Rf8e8
32.Ra6xf6 Kg7
33.Rf6d6 Rd8xd6
34.exd6 Bd3b5
35.Rd2c2 Bb5a4
36.Rc2c7 Kf6
37.Rc7b7 Kf5
38.b5 Re8d8
39.d7 h5
40.Kf2 Ba4b3
41.b6 Bb3e6
42.Rb7c7 Be6xd7
43.Rc7c5 Ke6
44.Rc5xg5 h4
45.Rg5g4 Rd8h8
46.h3 Ke5
47.Rg4b4 Bd7c6
48.b7 Bc6xb7
49.Rb4xb7 Rh8a8
50.Rb7b4 Ra8xa3
51.Rb4xh4 Ra3a2
52.Kg3 Kf5
53.Rh4g4 Ra2a1
54.h4 Ra1a8
55.Rg4g5 Kf6
56.Kg4 Ra8a4
57.f4 Ra4a2
58.g3 Ra2a8
59.h5 Ra8h8
60.Rg5g6 Ke7
61.Kg5 Kf7
62.g4 Rh8g8
63.f5 Rg8xg6
64.hxg6 Kg7
65.f6 Kg8
66.Kh6 Kh8
67.g5 Kg8
68.f7 Kf8
69.Kh7 Ke7
70.Kg7 { resign }
1-0

[Event "Tourn. n8906"]
[Site "www.chess-mail.com"]
[Date "2016.08.19"]
[Round "1"]
[White "Vasylpuzanov"]
[Black "Libiesse"]
[WhiteElo "2080"]
[BlackElo "2000"]
[Result "0-1"]
[Round "1"]
1.e4 c5
2.Ng1f3 e6
3.d4 cxd4
4.Nf3xd4 Ng8f6
5.Nb1c3 Bf8b4
6.Bf1d3 Nb8c6
7.Nd4xc6 { time. }
0-1

[Event "Tourn. n8909"]
[Site "www.chess-mail.com"]
[Date "2016.08.19"]
[Round "1"]
[White "Frisker"]
[Black "Faerieking"]
[WhiteElo "2280"]
[BlackElo "2230"]
[Result "1-0"]
[Round "1"]
1.d4 d5
2.Ng1f3 Ng8f6
3.g3 c6
4.Bf1g2 g6
5.O-O Bf8g7
6.c4 dxc4
7.Nf3e5 Bc8e6
8.Nb1a3 Nb8d7
9.Ne5xc4 O-O
10.e4 Nd7b6
11.Nc4e3 Qd8d7
12.Na3c2 Ra8d8
13.Bc1d2 Nb6c4
14.Bd2c3 Qd7c7
15.Qd1e2 b5
16.b3 Nc4xe3
17.Nc2xe3 a5
18.Ra1c1 b4
19.Bc3a1 Qc7b6
20.Ne3c4 Qb6b5
21.Rf1e1 Nf6e8
22.Nc4e5 Bg7xe5
23.dxe5 Rd8b8
24.Qe2e3 Ne8g7
25.Bg2f1 Qb5b6
26.Ba1d4 Qb6c7
27.Rc1c2 Rf8c8
28.Bf1a6 Rc8d8
29.Re1c1 Be6d7
30.f4 { resign }
1-0

[Event "Tourn. n8882"]
[Site "www.chess-mail.com"]
[Date "2016.08.19"]
[Round "1"]
[White "Osopanda"]
[Black "B0zata"]
[WhiteElo "1980"]
[BlackElo "2280"]
[Result "0-1"]
[Round "1"]
1.c4 e5
2.Nb1c3 Ng8f6
3.g3 Nb8c6
4.Bf1g2 Bf8c5
5.e3 O-O
6.Ng1e2 Rf8e8
7.d4 exd4
8.exd4 Nc6xd4
9.O-O Nd4xe2
10.Nc3xe2 c6
11.Bc1g5 h6
12.Bg5f4 d6
13.Ne2c3 Bc8e6
14.b3 Be6g4
15.Qd1c2 Bc5d4
16.Ra1e1 Qd8d7
17.Re1xe8 Ra8xe8
18.Qc2d3 Bd4xc3
19.Qd3xc3 d5
20.Qc3d4 dxc4
21.Qd4xd7 Bg4xd7
22.Rf1d1 Bd7e6
23.bxc4 Be6xc4
24.Rd1a1 Re8e2
25.Bg2f1 Re2xa2
26.Ra1b1 Bc4xf1
27.Kxf1 b6
28.Kg2 Nf6g4
29.Bf4b8 Ng4xf2
30.Kf3 Nf2d3
31.h4 c5
32.Ke3 Ra2a3
33.Bb8xa7 Nd3b4
34.Kf4 Ra3xa7
{ resign }
0-1

[Event "Match"]
[Site "www.echecsemail.com"]
[Date "2016.08.19"]
[Round "1"]
[White "Janerol"]
[Black "Fenwick45"]
[WhiteElo "999"]
[BlackElo "1499"]
[Result "0-1"]
[Round "1"]
1.e4 e5
2.Ng1f3 Nb8c6
3.Bf1b5 a6
4.Bb5xc6 dxc6
5.Nf3xe5 Ng8f6
6.d3 Bf8c5
7.Bc1g5 Bc5e7
8.Bg5xf6 Be7xf6
9.d4 Bf6xe5
10.dxe5 Qd8xd1
11.Kxd1 Bc8e6
12.a4 Ra8d8
13.Ke2 Be6c4
14.Ke1 O-O
15.b3 Bc4e6
16.Ke2 Rf8e8
17.Nb1c3 b5
18.a5 c5
19.h4 b4
20.Nc3a4 c4
21.bxc4 Be6xc4
22.Ke3 Re8xe5
23.Ra1d1 Bc4d5
24.f4 Re5xe4
25.Kd3 Bd5c6

0-1

[Event "Match"]
[Site "www.echecsemail.com"]
[Date "2016.08.19"]
[Round "1"]
[White "Karlgrocer"]
[Black "Drawlward"]
[WhiteElo "2030"]
[BlackElo "1809"]
[Result "0-1"]
[Round "1"]
1.Ng1f3 d5
2.d4 Ng8f6
3.e3 Bc8f5
4.Bf1e2 e6
5.O-O Bf8e7
6.a3 O-O
7.Nb1d2 c6
8.c4 Nb8d7
9.b4 a5
10.b5 cxb5
11.cxb5 Ra8c8
12.Bc1b2 Bf5c2
13.Qd1e1 Nd7b6
14.a4 Nb6xa4
15.Bb2a3 Be7xa3
16.Ra1xa3 Na4c3
17.Nd2b3 b6
18.Nb3a1 Nc3xe2
19.Qe1xe2 Bc2g6
20.Nf3e5 Nf6e4
21.Ne5xg6 hxg6
22.Qe2d3 Rc8c4
23.f3 Ne4d6
24.Rf1b1 Qd8d7
25.Ra3b3 Rf8c8
26.Kf2 Qd7c7
27.e4 Rc4c3
28.Qd3e2 Nd6xe4
29.fxe4 Qc7f4
30.Kg1 Rc3c1
{ resign }
0-1

[Event "Match"]
[Site "www.echecsemail.com"]
[Date "2016.08.19"]
[Round "1"]
[White "Olddog55"]
[Black "Nulladies"]
[WhiteElo "1730"]
[BlackElo "1720"]
[Result "0-1"]
[Round "1"]
1.d4 Ng8f6
2.Ng1f3 d5
3.e3 Bc8g4
4.Bf1e2 e6
5.Nf3e5 Bg4xe2
6.Qd1xe2 Nb8d7
7.f4 Nd7xe5
8.dxe5 Nf6e4
9.O-O Bf8c5
10.Rf1f3 O-O
11.Rf3h3 f5
12.Qe2h5 h6
13.Qh5g6 Qd8e8
14.Rh3xh6 Qe8xg6
15.Rh6xg6 Kf7
16.Rg6g4 fxg4
17.Nb1a3 c6
18.b3 Ne4c3
19.Bc1d2 Nc3e4
20.Bd2c1 Kg6
21.Ra1b1 Ne4c3
{ resign }
0-1

[Event "Match"]
[Site "www.echecsemail.com"]
[Date "2016.08.19"]
[Round "1"]
[White "Mitja"]
[Black "Mafija132"]
[WhiteElo "1900"]
[BlackElo "1499"]
[Result "1-0"]
[Round "1"]
1.d4 d5
2.e3 c6
3.h3 Qd8a5
4.c3 a6
5.Nb1d2 b5
6.Nd2b3 Qa5b6
7.Ng1e2 Ng8f6
8.Ne2g3 Nf6e4
9.Qd1f3 f5
10.Ng3xf5 e6
11.Nf5g3 a5
12.Ng3xe4 a4
13.Nb3c5 dxe4
14.Qf3xe4 Nb8a6
15.Nc5xe6 Bf8e7
16.Ne6xg7 Kf7
17.Ng7f5 Qb6c7
18.Nf5xe7 Bc8e6
19.Ne7f5 c5
20.Nf5h6 Ke7
21.g3 Ra8d8
22.Bf1xb5 Rd8a8
23.Qe4h4 Kd6
24.e4 Qc7b7
25.Bc1f4 { resign }
1-0

[Event "Match"]
[Site "www.echecsemail.com"]
[Date "2016.08.19"]
[Round "1"]
[White "Tbsundar"]
[Black "Calponas"]
[WhiteElo "2040"]
[BlackElo "2030"]
[Result "0-1"]
[Round "1"]
1.d4 f5
2.c4 Ng8f6
3.e3 e6
4.Ng1f3 Bf8e7
5.b3 O-O
6.Nb1d2 d6
7.Bc1b2 b6
8.Bf1d3 Bc8b7
9.O-O Nb8d7
10.Qd1e2 Qd8e8
11.Nf3g5 Be7d8
12.f4 h6
13.Ng5h3 Qe8g6
14.Nd2f3 d5
15.cxd5 Bb7xd5
16.Bd3c4 c6
17.Bc4xd5 exd5
18.Ra1c1 Ra8c8
19.Qe2a6 Rc8c7
20.Bb2a3 Nd7b8
21.Qa6d3 Bd8e7
22.Nf3e5 Qg6e8
23.Ba3xe7 Rc7xe7
24.Qd3xf5 Nf6e4
25.Qf5g4 Re7c7
 { time }
0-1

[Event "Match"]
[Site "www.echecsemail.com"]
[Date "2016.08.19"]
[Round "1"]
[White "Fangshuo"]
[Black "Liencam2"]
[WhiteElo "2110"]
[BlackElo "2320"]
[Result "0-1"]
[Round "1"]
1.e4 c5
2.Ng1f3 e6
3.c3 d5
4.exd5 Qd8xd5
5.c4 Qd5d8
6.Bf1e2 Nb8c6
7.b3 Bf8e7
8.Bc1b2 Be7f6
9.Bb2xf6 Ng8xf6
10.Nb1c3 a6
11.Qd1c2 Nc6b4
12.Qc2b2 Nb4d3
13.Be2xd3 Qd8xd3
14.O-O-O b5
15.cxb5 axb5
16.Nf3e5 Qd3f5
17.Nc3xb5 O-O
18.f3 Bc8a6
19.Nb5c7 Ra8a7
20.Nc7xa6 Ra7xa6
21.g3 Rf8a8
22.a4 Nf6d5
23.Rh1e1 Nd5b4
24.Re1e3 f6
25.g4 Qf5f4
26.Ne5d3 Qf4xh2
27.Nd3xb4 cxb4
28.Kb1 Ra8d8
29.Qb2c1 Qh2d6
30.Qc1c4 Ra6c6
31.Qc4e2 Rd8c8
32.Re3e4 Qd6d5
33.Kb2 Rc6c2
{ resign }
0-1

[Event "Match"]
[Site "www.echecsemail.com"]
[Date "2016.08.19"]
[Round "1"]
[White "Calponas"]
[Black "Jhzes"]
[WhiteElo "2030"]
[BlackElo "1870"]
[Result "0-1"]
[Round "1"]
1.Ng1f3 e6
2.c4 g6
3.Nb1c3 Bf8g7
4.d4 c6
5.e4 d6
6.Bf1d3 Bc8d7
7.Bc1g5 f6
8.Bg5h4 g5
9.Bh4g3 h5
10.h4 g4
11.Nf3h2 e5
12.dxe5 fxe5
13.f4 exf4
14.Bg3xf4 Qd8xh4
15.g3 Qh4h3
16.Qd1e2 Bg7e5
17.O-O-O Be5xf4
18.gxf4 Qh3g3
19.Rd1g1 Qg3xf4
20.Kc2 Qf4e5
21.Nh2f1 Nb8a6
22.a3 Na6c5
23.Nf1e3 Nc5xd3
24.Qe2xd3 c5
25.Nc3d5 O-O-O
26.b4 Bd7a4
27.Kb1 cxb4
28.axb4 b6
29.c5 Kb7
30.cxb6 axb6
31.Rh1h2 Qe5xh2
32.Rg1c1 Rd8c8
33.Rc1xc8 Kxc8
34.Nd5xb6 Kd8
35.Nb6xa4 Ng8e7
36.Qd3d4 Qh2e5
37.Qd4b6 Ke8
38.Qb6b8 Kf7
{ resign }
0-1

[Event "1/128 Finale"]
[Site "www.chess-mail.com"]
[Date "2016.08.19"]
[Round "1"]
[White "Julian"]
[Black "Fkarpov"]
[WhiteElo "2060"]
[BlackElo "2090"]
[Result "0-1"]
[Round "1"]
1.e4 e5
2.Ng1f3 Ng8f6
3.d4 Nf6xe4
4.Bf1d3 d5
5.c4 Bf8b4
6.Nf3d2 exd4
7.O-O Ne4xd2
8.Bc1xd2 Bb4xd2
9.Nb1xd2 dxc4
10.Nd2xc4 O-O
11.Rf1e1 Nb8d7
12.Qd1h5 Nd7f6
13.Qh5h4 Bc8e6
14.Ra1d1 Rf8e8
15.Nc4e5 c5
16.g4 h6
17.g5 hxg5
18.Qh4xg5 Be6xa2
19.h4 Ba2d5
20.f4 Nf6d7
21.Qg5h5 Nd7f6
22.Qh5g5 Nf6h7
23.Bd3xh7 Kxh7
24.Qg5h5 Kg8
25.Rd1d3 f6
26.Ne5g6 Re8xe1
27.Kf2 Bd5c4
28.Rd3g3 Re1e2
29.Kf3 d3
30.Qh5h8 Kf7
31.Qh8h5 Bc4d5
32.Kg4 d2
33.Rg3g1 Bd5e6
34.f5 Qd8d4
35.Ng6f4 Kg8
36.fxe6 Qd4xg1
37.Kf3 Re2e3
{ resign }
0-1

[Event "1/128 Finale"]
[Site "www.chess-mail.com"]
[Date "2016.08.19"]
[Round "1"]
[White "Mitja"]
[Black "Godrad"]
[WhiteElo "1960"]
[BlackElo "1809"]
[Result "1/2-1/2"]
[Round "1"]
1.d4 Ng8f6
2.e3 g6
3.h3 Bf8g7
4.Ng1f3 O-O
5.c3 d5
6.Nb1d2 c5
7.dxc5 a5
8.b3 Nb8d7
9.Bc1a3 Qd8c7
10.c6 bxc6
11.Ba3xe7 Rf8e8
12.Be7xf6 Bg7xf6
13.Ra1c1 Nd7c5
14.Bf1e2 Bc8f5
15.O-O Nc5d3
16.Be2xd3 Bf5xd3
17.Rf1e1 Bf6g7
18.Nd2f1 Bd3a6
19.Nf1g3 a4
20.b4 a3
21.Nf3d2 Qc7d6
{ draw }
1/2-1/2

[Event "1/128 Finale"]
[Site "www.chess-mail.com"]
[Date "2016.08.19"]
[Round "1"]
[White "Godrad"]
[Black "Madz123456"]
[WhiteElo "2249"]
[BlackElo "2270"]
[Result "1/2-1/2"]
[Round "1"]
1.c4 e6
2.d4 d5
3.Ng1f3 c6
4.Nb1c3 dxc4
5.a4 Ng8f6
6.e4 Bf8b4
7.Bc1g5 c5
8.Bf1xc4 cxd4
9.Bc4b5 Nb8c6
10.Nf3xd4 Bc8d7
11.O-O h6
12.Bg5e3 O-O
13.Nd4xc6 Bd7xc6
14.Bb5xc6 bxc6
15.f3 { draw }
1/2-1/2

[Event "1/128 Finale"]
[Site "www.chess-mail.com"]
[Date "2016.08.19"]
[Round "1"]
[White "Jhzes"]
[Black "Vasylpuzanov"]
[WhiteElo "2000"]
[BlackElo "2080"]
[Result "1-0"]
[Round "1"]
1.e4 c5
2.c3 d5
3.f3 Nb8c6
4.d4 e6
5.e5 cxd4
6.cxd4 Bf8b4
7.Nb1c3 Ng8e7
8.a3 Bb4xc3
9.bxc3 Bc8d7
10.Bf1d3 O-O
11.Qd1c2 h6
12.Ng1e2 a6
13.Bd3h7 Kh8
14.Ne2g3 f5
{ time. }
1-0

[Event "Tourn. n8874"]
[Site "www.chess-mail.com"]
[Date "2016.08.20"]
[Round "1"]
[White "Kampungboy"]
[Black "Szustan"]
[WhiteElo "2290"]
[BlackElo "2590"]
[Result "1/2-1/2"]
[Round "1"]
1.e4 e5
2.Ng1f3 Nb8c6
3.Bf1c4 Ng8f6
4.d3 Bf8e7
5.O-O O-O
6.c3 d5
7.exd5 Nf6xd5
8.Rf1e1 Bc8g4
9.h3 Bg4h5
10.a4 f6
11.Nb1d2 Kh8
12.a5 a6
13.Nd2e4 Bh5f7
14.Qd1b3 Ra8b8
15.d4 exd4
16.Nf3xd4 { draw }
1/2-1/2

[Event "Tourn. n8894"]
[Site "www.chess-mail.com"]
[Date "2016.08.20"]
[Round "1"]
[White "Jhzes"]
[Black "Julian"]
[WhiteElo "2020"]
[BlackElo "2100"]
[Result "1-0"]
[Round "1"]
1.e4 c5
2.Nb1c3 d6
3.d4 cxd4
4.Qd1xd4 Nb8c6
5.Qd4d1 g6
6.Ra1b1 Bf8g7
7.Qd1d2 a6
8.Ng1f3 Ng8f6
9.Bf1d3 O-O
10.h3 b5
11.Nc3d5 Bc8e6
12.Nd5xf6 exf6
13.b3 Ra8c8
14.g4 Nc6e5
15.Nf3xe5 fxe5
16.f4 exf4
17.Qd2xf4 f5
18.exf5 gxf5
19.gxf5 Qd8e8
20.O-O Be6d7
21.Qf4xd6 Rc8c6
22.Qd6d5 Kh8
23.Bc1b2 Qe8e3
24.Kh2 Rc6h6
25.Bb2xg7 Kxg7
26.Qd5xd7 Rf8f7
27.Rf1g1 Kf8
28.Qd7d8 Qe3e8
29.Rg1g8 { resign }
1-0

[Event "Tourn. n8690"]
[Site "www.chess-mail.com"]
[Date "2016.08.20"]
[Round "1"]
[White "Loper10"]
[Black "Seger"]
[WhiteElo "2650"]
[BlackElo "2720"]
[Result "1/2-1/2"]
[Round "1"]
1.e4 Nb8c6
2.Ng1f3 e5
3.Bf1b5 a6
4.Bb5a4 Ng8f6
5.d3 b5
6.Ba4b3 Bf8e7
7.c3 O-O
8.O-O d6
9.h3 Nc6a5
10.Bb3c2 c5
11.Rf1e1 Na5c6
12.Nb1d2 Qd8c7
13.Nd2f1 Bc8e6
14.Nf3g5 Be6d7
15.Nf1e3 h6
16.Ng5f3 Bd7e6
17.Bc2b3 Rf8c8
18.Nf3h2 Ra8b8
19.Ne3d5 Qc7d7
20.Qd1f3 Nf6h7
21.Nh2g4 Be7h4
22.a3 Nc6a5
23.Bb3a2 Na5c6
24.Re1d1 a5
25.a4 bxa4
26.Ba2c4 Rc8e8
27.Qf3e2 Nc6e7
28.Nd5e3 Ne7g6
29.Qe2c2 Ng6f4
30.Bc4xe6 Qd7xe6
31.Ra1xa4 h5
32.Ng4h2 Bh4d8
33.Nh2f3 Bd8c7
34.Ra4a3 Nh7f6
35.Nf3g5 Qe6d7
36.Ra3a1 Qd7b5
37.g3 Nf4g6
38.Qc2a4 Qb5xa4
39.Ra1xa4 h4
40.Kg2 Re8d8
41.Ra4a3 d5
42.exd5 Nf6xd5
43.Ne3xd5 Rd8xd5
44.c4 Rd5d6
45.Ng5e4 Rd6c6
46.Ne4c3 Bc7d8
47.g4 f6
48.Nc3d5 Kf7
49.Nd5c3 Kg8
50.b3 Ng6f8
51.Nc3d5 Rb8b7
52.Rd1e1 Nf8e6
53.Bc1e3 Rc6c8
54.Re1b1 Kf7
55.Kf3 g6
56.Ke2 Rc8a8
57.f4 exf4
58.Nd5xf4 Ne6xf4
59.Be3xf4 Rb7e7
60.Kd2 Bd8b6
61.Rb1e1 Re7xe1
62.Kxe1 Ra8e8
63.Kd2 f5
{ draw }
1/2-1/2

[Event "Match"]
[Site "www.echecsemail.com"]
[Date "2016.08.20"]
[Round "1"]
[White "Whitekknight"]
[Black "Janerol"]
[WhiteElo "1960"]
[BlackElo "999"]
[Result "1-0"]
[Round "1"]
1.e4 e5
2.Ng1f3 d6
3.Bf1c4 Bc8g4
4.Nb1c3 c6
5.Nf3xe5 Bg4xd1
6.Ne5xf7 Qd8e7
7.Kxd1 d5
8.Bc4xd5 Qe7xf7
9.Bd5xf7 Kxf7
10.d4 Bf8b4
11.Nc3e2 h6
12.c3 Bb4e7
13.Bc1e3 Ng8f6
14.f3 g5
15.h3 Nb8d7
16.Kc2 Nd7b6
17.b3 Be7a3
18.Rh1d1 Ra8d8
19.Rd1d3 Nf6h5
20.Ra1d1 Rh8e8
21.h4 Re8g8
22.hxg5 hxg5
23.g3 Rg8g6
24.g4 Nh5f6
25.Ne2g3 Ba3d6
26.e5 Bd6xe5
27.dxe5 Rd8xd3
28.Rd1xd3 Nf6d5
29.Be3d4 Nd5f4
30.Rd3d2 Nb6d5
31.Bd4xa7 Rg6h6
32.Ng3f5 Nd5e3
33.Ba7xe3 b5
34.Nf5xh6 Kg7
35.Nh6f5 Kg6
36.Rd2d6 Kf7
37.Rd6f6 Kg8
38.Rf6xc6 Nf4g2
39.Be3xg5 Ng2e1
40.Kd1 Ne1xf3
41.Bg5f6 Kf7
42.Rc6c7 Kg6
43.Rc7g7 
1-0

[Event "1/64 Finale"]
[Site "www.chess-mail.com"]
[Date "2016.08.20"]
[Round "1"]
[White "Mustaphly"]
[Black "Szustan"]
[WhiteElo "2870"]
[BlackElo "2600"]
[Result "1/2-1/2"]
[Round "1"]
1.d4 d5
2.Ng1f3 Nb8c6
3.c4 dxc4
4.d5 Nc6b8
5.e4 e6
6.Bf1xc4 Ng8f6
7.Nb1c3 exd5
8.Nc3xd5 Nf6xd5
9.O-O Bf8e7
10.Qd1b3 O-O
11.Bc4xd5 c6
12.Bd5c4 Nb8d7
13.Qb3c2 Qd8c7
14.Bc1e3 Be7f6
15.a4 b6
16.Rf1d1 Nd7e5
17.Nf3xe5 Bf6xe5
18.g3 Bc8g4
19.Bc4e2 Bg4xe2
20.Qc2xe2 Ra8d8
21.Ra1c1 c5
22.Rd1xd8 Qc7xd8
23.Rc1d1 Qd8c7
24.Rd1d5 Rf8d8
25.Qe2d2 Rd8xd5
26.Qd2xd5 h6
27.b3 Qc7d6
28.Qd5xd6 { draw }
1/2-1/2

[Event "Tourn. n8844"]
[Site "www.chess-mail.com"]
[Date "2016.08.21"]
[Round "1"]
[White "Libiesse"]
[Black "Cheminet"]
[WhiteElo "2040"]
[BlackElo "2070"]
[Result "1/2-1/2"]
[Round "1"]
1.d4 e6
2.c4 c5
3.d5 d6
4.Nb1c3 e5
5.e4 Nb8d7
6.f4 a6
7.fxe5 Nd7xe5
8.Bc1f4 Ng8f6
9.Ng1f3 Bc8g4
10.Bf4xe5 Bg4xf3
11.Be5xf6 Qd8xf6
12.Qd1xf3 Qf6xf3
13.gxf3 Bf8e7
14.Kd2 Be7f6
15.Bf1h3 O-O
16.Ra1f1 Ra8b8
17.f4 b5
18.b3 bxc4
19.bxc4 Rb8b2
20.Kd3 Bf6xc3
21.Kxc3 Rb2xa2
22.Rf1a1 Ra2f2
23.Ra1f1 Rf2e2
24.Rf1e1 Re2f2
25.Re1f1 Rf2e2
26.Rf1e1 Re2f2
27.Re1f1 Rf2e2
28.Rf1e1 Re2a2
29.Re1b1 
1/2-1/2

[Event "Tourn. n8892"]
[Site "www.chess-mail.com"]
[Date "2016.08.21"]
[Round "1"]
[White "Osopanda"]
[Black "Bichoraro92"]
[WhiteElo "1960"]
[BlackElo "2020"]
[Result "1-0"]
[Round "1"]
1.d4 d5
2.c4 e6
3.Nb1c3 c6
4.cxd5 exd5
5.e4 Bf8b4
6.e5 Bc8f5
7.a3 Ng8e7
8.axb4 O-O
9.Bf1d3 Qd8b6
10.Ng1e2 Qb6xb4
11.O-O Nb8d7
12.Ra1a4 Qb4b6
13.Qd1c2 Bf5xd3
14.Qc2xd3 f5
15.Ne2f4 Rf8e8
16.Nf4e6 Nd7f8
17.Ne6g5 Qb6c7
18.Bc1f4 Qc7d7
19.Qd3h3 h6
20.Ng5f3 Ne7g6
21.Bf4d2 c5
22.dxc5 Ng6xe5
23.Ra4f4 Ne5g4
24.Nf3h4 g5
25.Nh4xf5 gxf4
26.Nf5xh6 Kg7
27.Bd2xf4 Nf8g6
28.Nh6xg4 Re8h8
29.Bf4h6 { resign }
1-0

[Event "Tourn. n8925"]
[Site "www.chess-mail.com"]
[Date "2016.08.21"]
[Round "1"]
[White "Libiesse"]
[Black "Jhzes"]
[WhiteElo "1990"]
[BlackElo "1960"]
[Result "1-0"]
[Round "1"]
1.d4 Ng8f6
2.c4 c5
3.d5 e6
4.Nb1c3 Qd8b6
5.Bc1g5 Qb6xb2
6.Qd1c1 Qb2xc1
7.Ra1xc1 Nf6g4
8.e4 f6
9.Bg5h4 g5
10.Bh4g3 Nb8a6
11.h3 Ng4e5
12.Bf1e2 Na6b4
13.Kd2 Bf8d6
14.a3 Nb4a6
15.Be2h5 Kd8
16.Nc3b5 Bd6b8
17.Ng1e2 exd5
18.cxd5 Na6c7
19.Nb5d6 Nc7a6
20.Bg3xe5 Ke7
21.Nd6xc8 Rh8xc8
22.Be5xb8 Ra8xb8
23.Bh5g4 b5
24.Ne2g3 Kd6
25.Ng3f5 Ke5
26.Ke3 b4
27.g3 { resign }
1-0

[Event "Tourn. n8891"]
[Site "www.chess-mail.com"]
[Date "2016.08.21"]
[Round "1"]
[White "Osmundw"]
[Black "Al3x"]
[WhiteElo "1410"]
[BlackElo "1499"]
[Result "0-1"]
[Round "1"]
1.e4 e5
2.Ng1f3 Nb8c6
3.Nb1c3 Ng8f6
4.Bf1c4 Bf8c5
5.Nf3g5 O-O
6.d3 a6
7.Ng5xf7 Rf8xf7
8.Bc4xf7 Kxf7
9.g4 d6
10.f4 Nf6xg4
11.Nc3d5 Nc6d4
12.f5 Qd8h4
13.Kd2 c6
14.Nd5c3 Bc5b4
15.a3 Qh4f2
16.Qd1e2 Qf2xe2

0-1